000 00281nam a22001337a 4500
008 170405b xxu||||| |||| 00| 0 eng d
020 _a9780534304751
041 _aeng
080 _a574
100 _a9
101 _aSHM
245 _aEVULITION ON LIFE
_cSTARR.C
942 _2udc
_cBK
999 _c9708
_d9708